000 00594nam a2200181Ia 4500
008 090124s9999 xx 000 0 und d
082 _b125300
100 _aकोपर्डेकर शरदचंद्र
245 _a स्वामी शिवानंद
250 _a1
260 _c1992
300 _a171
600 _aकोपर्डेकर शरदचंद्र
630 _a स्वामी शिवानंद
700 _aकोपर्डेकर शरदचंद्र
730 _a स्वामी शिवानंद
942 _cBOOK
999 _c171388
_d171388